000 02251cam a22004694i 4500
003 PE-LiUPU
005 20250731172901.0
008 150706s r 000 0 d
020 _a0310518164
020 _a9780310518167
035 _a(Sirsi) a165914
040 _aPE-LiUPU
_bspa
_cPE-LiUPU
_erda
049 _aPRUA
082 0 4 _a253.5
_bL21
_221
100 1 _aLambert, Heath,
_d1979-,
_eautor.
245 1 4 _aA theology of biblical counseling :
_bthe doctrinal foundations of counseling ministry /
_cHeath Lambert.
264 1 _aGrand Rapids, Michigan :bZondervan,
_c2016.
300 _a344 páginas ;
_c24 centímetros.
336 _atext
_2rdacontent
337 _aunmediated
_2rdamedia
338 _avolume
_2rdacarrier
490 0 _aInterdisciplinary studies in ancient culture and religion ;
_v12.
505 0 _aCounseling and theology: a crucial introduction -- Biblical counseling and a theology of scripture -- Biblical counseling and a theology of common grace -- Biblical counseling and a theology of God -- Biblical counseling and a theology of Christ -- Biblical counseling and a theology of the Holy Spirit -- Biblical counseling and a theology of humanity -- Biblical counseling and a theology of sin -- Biblical counseling and a theology of suffering -- Biblical counseling and a theology of salvation -- Biblical counseling and a theology for the church -- Biblical counseling and the goal of theology -- Statement from the Association Of Certified Biblical Counselors regarding mental disorders, medicine, and counseling -- Biblical counseling, general revelation, and common grace.
526 _aSEG42
526 _aSEG41
526 _aSEG40
526 _aSEG39
526 _aP94
526 _aP87
526 _aP86
526 _aP85
526 _aP77
526 _aP76
526 _aP35
650 0 4 _aAsesoramiento
_xAspectos religiosos
_xCristianismo
650 0 4 _aTeologia.
942 _2ddc
_cBOOK
994 _aC0
_bPEPRU
596 _a1
999 _a253.5 L21
_wLC
_c14650
_i75208
_f2021-11-10
_g5
_lCCODEBUL1
_mBUL
_r0
_sY
_tBOOK
_u2017-1-9
_xTEOLOGIA
_PP85
_o.STAFF. Colección TEOLOGIA
_d14650
980 _81
_gALBERTO SANCHEZ Responsable de Automatización